00260 a2200073 4500020001800000100001600018245010200034260005000136 a9788198020321 aKulkarni N. aहुतात्मा रामप्रसाद बिस्मिल आत्मकथा  bBharatiya Vichar Sadhana Pune Prakashanc2024